Éticas de la información y deontologías del periodismo (Record no. 60077)

MARC details
000 -LEADER
fixed length control field 00566nam a22001817a 4500
005 - DATE AND TIME OF LATEST TRANSACTION
control field 20230323135019.0
008 - FIXED-LENGTH DATA ELEMENTS--GENERAL INFORMATION
fixed length control field 230112b sp ||||| |||| 00| 0 spa d
020 ## - INTERNATIONAL STANDARD BOOK NUMBER
International Standard Book Number 8430926208
050 04 - LIBRARY OF CONGRESS CALL NUMBER
Classification number PN4756
Item number E85 1995
245 00 - TITLE STATEMENT
Title Éticas de la información y deontologías del periodismo
Statement of responsibility, etc Enrique Bonete Perales coordinador.
250 ## - EDITION STATEMENT
Edition statement 1a ed.
260 ## - PUBLICATION, DISTRIBUTION, ETC. (IMPRINT)
Place of publication, distribution, etc Madrid :
Name of publisher, distributor, etc Tecnos,
Date of publication, distribution, etc 1995
300 ## - PHYSICAL DESCRIPTION
Extent 343 p. ;
Dimensions 21 cm.
504 ## - BIBLIOGRAPHY, ETC. NOTE
Bibliography, etc Incluye bibbliografía
650 #7 - SUBJECT ADDED ENTRY--TOPICAL TERM
Source of heading or term lemb
Topical term or geographic name as entry element Ética periodística
700 1# - ADDED ENTRY--PERSONAL NAME
Personal name Bonete Perales, Enrique,
Relator term coordinador
942 ## - ADDED ENTRY ELEMENTS (KOHA)
Source of classification or shelving scheme Biblioteca del Cogreso de los Estados Unidos
Koha item type Libro
Holdings
Estado de pérdida Fuente de clasificación Estado del daño No para préstamo Ubicación permanente Ubicación actual Apartado o colección Fecha de adquisición Fuente de adquisición Edición Área del conocimiento Total Checkouts Clasificación Código de Barras Date last seen Número de copia Costo por reposición Tipo de recurso
  Biblioteca del Cogreso de los Estados Unidos     Biblioteca del Posgrado en Derecho Biblioteca del Posgrado en Derecho Colección Ernesto Villanueva 23/03/2023 Donación 1a ed. Educación y Humanidades   PN4756 E85 1995 BPD000001877 23/03/2023 1 1.00 Libro